000 00627aam a2200253 4500
005 20260324193316.0
008 150226b2012 xxu||||| |||| 00| 0 eng d
020 _a9789977131023
041 _aESP
082 _a364.36 C8374l10
100 _aCosta Rica. Leyes, decretos, etc..
245 _aLey de justicia penal juvenil
250 _a10 edición
260 _aCosta Rica
260 _bIJSA
260 _c2012
300 _a120 páginas
490 _aInvestigación Criminal
650 _aCOSTA RICA
650 _aDELINCUENCIA JUVENIL
650 _aDERECHO PENAL
650 _aLEGISLACIÓN
942 _cBK
_2ddc
999 _c3409
_d3409